| 000 | 00358nam a2200145Ia 4500 | ||
|---|---|---|---|
| 008 | 230917s9999||||xx |||||||||||||| ||und|| | ||
| 040 |
_e136040 _aMAIN |
||
| 041 | _aEnglish | ||
| 082 | _a333.913 D536G | ||
| 100 | _aDhawan, B.D | ||
| 245 | 0 | _aInstitute of economic growth | |
| 260 | _bGroundwater depletion,land dear | ||
| 300 | _a200p. p. | ||
| 942 | _cBK | ||
| 999 |
_c101914 _d101914 |
||